Learn library of congress classification : Library basics
Na minha lista:
| Autor principal: | |
|---|---|
| Formato: | Livro |
| Idioma: | Undetermined |
| Publicado em: |
Lanham, Maryland
Scarecrow Press
2000
|
| Assuntos: | |
| Tags: |
Adicionar Tag
Sem tags, seja o primeiro a adicionar uma tag!
|
| Thư viện lưu trữ: | Trung tâm Học liệu Trường Đại học Cần Thơ |
|---|
| LEADER | 00554nam a2200193Ia 4500 | ||
|---|---|---|---|
| 001 | CTU_102845 | ||
| 008 | 210402s9999 xx 000 0 und d | ||
| 082 | |a 025.433 | ||
| 082 | |b D617 | ||
| 100 | |a Dittman, Helena | ||
| 245 | 0 | |a Learn library of congress classification : | |
| 245 | 0 | |b Library basics | |
| 245 | 0 | |c Helena Dittman, Jane Hardy | |
| 260 | |a Lanham, Maryland | ||
| 260 | |b Scarecrow Press | ||
| 260 | |c 2000 | ||
| 650 | |a Classification, library of congress | ||
| 904 | |i Minh | ||
| 980 | |a Trung tâm Học liệu Trường Đại học Cần Thơ | ||